Central Library OPAC University of Rajshahi

দ্বিতীয় অঙ্ক : (Record no. 71537)

MARC details
000 -LEADER
fixed length control field 00998nam a2200253 a 4500
001 - CONTROL NUMBER
control field 71537
003 - CONTROL NUMBER IDENTIFIER
rucl marc code BD-RjUL
005 - DATE AND TIME OF LATEST TRANSACTION
control field 20211209082128.0
008 - FIXED-LENGTH DATA ELEMENTS--GENERAL INFORMATION
fixed length control field 170504s2012 ii ||||| |||| 00| e ben d
020 ## - INTERNATIONAL STANDARD BOOK NUMBER
International Standard Book Number 8187624000
Terms of availability : IRs. 100.00
035 ## - SYSTEM CONTROL NUMBER
System control number (BD-RjUL)71753
040 ## - CATALOGING SOURCE
Original cataloging agency BD-RjUL
Language of cataloging ben
Transcribing agency BD-RjUL
041 ## - LANGUAGE CODE
Language code of text/sound track or separate title ben
082 ## - DEWEY DECIMAL CLASSIFICATION NUMBER
Edition number 23
Classification number 891.444
Author mark and year SED 2012
100 1# - MAIN ENTRY--PERSONAL NAME
Personal name সেন, তাপস
9 (RLIN) 146052
245 10 - TITLE STATEMENT
Title দ্বিতীয় অঙ্ক :
Remainder of title প্রথম দৃশ্যের আলো /
Statement of responsibility, etc. তাপস সেন ; সম্পাদনা, আশিস গোস্বামী
250 ## - EDITION STATEMENT
Edition statement ২য় প্রকাশ
260 ## - PUBLICATION, DISTRIBUTION, ETC. (IMPRINT)
Place of publication, distribution, etc. কলিকাতা :
Name of publisher, distributor, etc. নাট্যচিন্তা,
Date of publication, distribution, etc. ২০১২
300 ## - PHYSICAL DESCRIPTION
Pagination ১২৬ পৃ. ;
Size ২১ সেমি.
650 ## - SUBJECT ADDED ENTRY--TOPICAL TERM
Topical term or geographic name as entry element বাংলা প্রবন্ধ
9 (RLIN) 146053
Topical term or geographic name as entry element Bengali essays
9 (RLIN) 146054
700 ## - ADDED ENTRY--PERSONAL NAME
Personal name গোস্বামী, আশিস, সম্পাদনা
942 ## - ADDED ENTRY ELEMENTS (KOHA)
Source of classification or shelving scheme Dewey Decimal Classification
Koha item type Books
Holdings
Lost status Source of classification or shelving scheme Damaged status Not for loan Collection code Permanent Location Current Location Shelving location Date acquired Source of acquisition Cost, normal purchase price Total Checkouts Full call number Date last seen Copy number Koha item type
  Dewey Decimal Classification   Not For Loan Non-fiction Central Library, University of Rajshahi Central Library, University of Rajshahi Reading Room 29/04/2013 Dhaka, space marketing comm. 120.00   B 891.444 SED 2012 04/05/2017 C-1 Books